I miss you, I'm sorry - Gracie Abrams - Statistics

General Stats
  • This quiz has been taken 166 times
  • The average score is 282 of 319
Answer Stats
Hint Answer % Correct
a
100%
I
100%
miss
100%
you
100%
Chorus You
100%
and
99%
in
99%
to
99%
we
99%
be
98%
but
98%
Verse 1 Do
98%
do
98%
don't
98%
for
98%
your
98%
go
97%
im
97%
it
97%
of
97%
said
97%
the
97%
you're
97%
forever
96%
me
96%
when
96%
then
94%
is
93%
sorry
93%
still
93%
together
93%
that
92%
happy
91%
know
91%
remember
91%
every
89%
all
88%
old
88%
almost
87%
fighting
87%
stomach
87%
true
87%
bought
86%
dishes
86%
end
86%
honest
86%
sudden
86%
wanna
86%
better
84%
breaking
84%
love
84%
please
84%
sick
84%
i'll
83%
not
83%
are
82%
think
82%
back
81%
make
80%
worse
80%
apartment
79%
happened
79%
called
78%
way
78%
disappointed
77%
nothing
77%
were
77%
we're
77%
december
76%
hate
76%
haunted
76%
house
76%
instead
76%
promise
76%
corner
74%
wanted
74%
been
73%
brings
73%
before
72%
everything
72%
fought
72%
here
72%
saw
72%
this
72%
us
72%
only
71%
caught
70%
confused
70%
once
70%
thought
70%
we've
70%
you'd
70%
everywhere
69%
leads
69%
talking
69%
summer
68%
each
67%
other
67%
give
66%
Verse 2 Good
62%
knew
58%
disappointed
56%
too
56%
apartment
46%
No matching quizzes found
Score Distribution
Percent of People with Each Score
Percentile by Number Answered
Your Score History
You have not taken this quiz